| 000 | 01562cam a22003734a 4500 | ||
|---|---|---|---|
| 001 | 15591699 | ||
| 003 | OSt | ||
| 005 | 20231206110314.0 | ||
| 008 | 090119s2009 ii b 001 0 eng | ||
| 010 | _a 2009341049 | ||
| 020 | _a9780195698817 | ||
| 020 | _a0195698819 | ||
| 025 | _aI-E-2009-341049; 61-92 | ||
| 037 |
_bLibrary of Congress -- New Delhi Overseas Office _cRs345.00 |
||
| 040 |
_aDLC _cDLC _dDLC |
||
| 042 | _alcode | ||
| 043 | _aa-ii--- | ||
| 050 | 0 | 0 |
_aDS480.45 _b.N32917 2009 |
| 082 |
_a320.540954 _bBAN/N |
||
| 245 | 0 | 0 |
_aNationalist movement in India : _ba reader / _cedited by Sekhar Bandyopadhyay. |
| 260 |
_aNew Delhi : _bOxford University Press, _c2009. |
||
| 300 |
_axliii, 389 p. ; _c22 cm. |
||
| 504 | _aIncludes bibliographical references (p. [359]-378) and index. | ||
| 650 | 0 |
_aNationalism _zIndia _yHistory _y20th century. |
|
| 651 | 0 |
_aIndia _xPolitics and government _y1919-1947. |
|
| 700 | 1 |
_aBandyopādhyāẏa, Śekhara _99992 |
|
| 856 | 4 | 2 |
_3Contributor biographical information _uhttp://www.loc.gov/catdir/enhancements/fy0907/2009341049-b.html |
| 856 | 4 | 2 |
_3Publisher description _uhttp://www.loc.gov/catdir/enhancements/fy0907/2009341049-d.html |
| 856 | 4 | 1 |
_3Table of contents only _uhttp://www.loc.gov/catdir/enhancements/fy0907/2009341049-t.html |
| 856 | 4 | 2 |
_3Book review (H-Net) _uhttp://www.h-net.org/reviews/showrev.php?id=26457 |
| 906 |
_a7 _bcbc _corigode _d3 _encip _f20 _gy-gencatlg |
||
| 942 |
_2ddc _cBK _h320.540954 _iBAN/N _k320.540954 _mBAN/N |
||
| 999 |
_c43782 _d43782 |
||